al-Ṭuyūr al-Miṣrīyah.

محفوظ في:

المؤلف الرئيسي: Nujūmī, ʻAbd Allāh.

التنسيق: كتاب

اللغة: Arabic

منشور في: [Cairo] : Dār al-Fikr al-ʻArabī, [1947].

الموضوعات:

الوسوم: إضافة وسم

لا توجد وسوم, كن أول من يضع وسما على هذه التسجيلة!

رقم الطلب: QL692 .T8 1947

LEADER 00638cam a2200241u 4500
001 8889545
003 OSt
005 20240318074853.0
008 840822s1947 ua acf 000 0 ara
999 |c 57114  |d 57114 
010 |a  59039746  
040 |c ARCE Library 
043 |a f-ua--- 
050 4 |a QL692 .T8 1947 
100 1 |a Nujūmī, ʻAbd Allāh. 
245 1 3 |a al-Ṭuyūr al-Miṣrīyah. 
264 1 |a [Cairo] :   |b Dār al-Fikr al-ʻArabī,   |c [1947]. 
300 |a 567 p. :   |b illus., col. plates, port. ;   |c 25 cm. 
500 |a Romanized. 
650 0 |a Birds  |z Egypt. 
650 0 |a Birds  |x Behavior. 
901 |a reviewed 
942 |2 lcc  |c BK